Nghiên cứu chiết tách, xác định carotene trong củ cà rốt

Tổng quan đề tài: Giới thiệu cây cà rốt. Caretene ...Nguyên liệu và phương pháp nghiên cứu . Kết quả và thảo luận.

保存先:
書誌詳細
第一著者: Trần, Thu Hiền (Tác giả)
その他の著者: Đỗ Thị Thúy Vân Th.S (Hướng dẫn)
フォーマット: 図書
言語:Vietnamese
出版事項: Đà Nẵng Đại học Sư phạm 2011
主題:
タグ: タグ追加
タグなし, このレコードへの初めてのタグを付けませんか!
Thư viện lưu trữ: Mạng thư viện Đại học Đà Nẵng
LEADER 01405nam a2200349 4500
001 000012585
003 8890
005 20120222140233.0
008 120222s2011 viesd
041 |a vie 
072 |a Khóa luận tốt nghiệp 
082 |a 664.804022  |b TR-H 
100 |a Trần, Thu Hiền  |e Tác giả 
245 |a Nghiên cứu chiết tách, xác định carotene trong củ cà rốt  |c Trần Thu Hiền 
260 |a Đà Nẵng  |b Đại học Sư phạm  |c 2011 
300 |a 48 tr.  |c 29 cm 
500 |a Khóa luận tốt nghiệp khoa Hóa. Lớp 07 CHD. Ngành: Cử nhân Hóa Dược 
520 |a Tổng quan đề tài: Giới thiệu cây cà rốt. Caretene ...Nguyên liệu và phương pháp nghiên cứu . Kết quả và thảo luận. 
653 |a Cây cà rốt 
653 |a Carotene 
653 |a Nghiên cứu 
700 |a Đỗ Thị Thúy Vân  |c Th.S  |e Hướng dẫn 
OWN |a LSP 
AVA |a UDN50  |b LSP  |d 664.804022 TR-H  |e available  |t Error 5001 Not defined in file expand_doc_bib_avail.  |f 1  |g 0  |h N  |i 0  |k 1 
999 |a From the UDN01 
AVA |a UDN50  |b LSP  |d 664.804022 TR-H  |e available  |t Error 5001 Not defined in file expand_doc_bib_avail.  |f 1  |g 0  |h N  |i 0  |k 1 
TYP |a Monograph 
TYP |a Printed language 
980 |a Mạng thư viện Đại học Đà Nẵng